Normal view
MARC view
Entry Uniform Title
001 - CONTROL NUMBER
- control field: 45873
003 - CONTROL NUMBER IDENTIFIER
- control field: dpl
005 - DATE AND TIME OF LATEST TRANSACTION
- control field: 20120427111323.0
008 - FIXED-LENGTH DATA ELEMENTS
- fixed length control field: 120427|||a|||||| | ||| d
040 ## - CATALOGING SOURCE
- Original cataloging agency: dpl
- Transcribing agency: dpl
130 ## - HEADING--UNIFORM TITLE
- Uniform title: Microsoft Outlook.
670 ## - SOURCE DATA FOUND
- Source citation: Work cat.: (dpl): Seiwert, Lothar 45702, Effective time management :, 2012
670 ## - SOURCE DATA FOUND
- Source citation: Work cat.: (dpl): Seiwert, Lothar 45702, Effective time management :, 2012
